Možnosti objektívneho hodnotenia akustických vlastností interiérov : Habil.práca : Obh. 31.05.1977 /

Guardado en:
Detalles Bibliográficos
Autor principal: Ducko, Aristid (Autor)
Formato: Manuscrito Libro
Publicado: Bratislava : SVŠT v Bratislave EF, 1977
Etiquetas: Agregar Etiqueta
Sin Etiquetas, Sea el primero en etiquetar este registro!

MARC

LEADER 00000ntm a22000003a 4500
001 stu7238
005 20150617225809.1
008 ------s1977----------------------------d
040 |a STU  |b slo 
041 0
100 1 |a Ducko, Aristid  |4 aut 
245 1 |a Možnosti objektívneho hodnotenia akustických vlastností interiérov :  |b Habil.práca : Obh. 31.05.1977 /  |c [aut.] Ducko,Aristid, Ing. CSc 
260 |a Bratislava :  |b SVŠT v Bratislave EF,  |c 1977 
300 |a 180 s 
996 |b 284ED00913  |c E*HABIL-39  |l EE01  |s A  |a 24  |w stu7238_0001